Rekonstrukce historických jader měst
Salvato in:
| Autore principale: | |
|---|---|
| Natura: | Libro |
| Lingua: | ceco |
| Pubblicazione: |
Brno :
ES VUT,
1987
|
| Edizione: | 1. vyd. |
| Tags: |
Nessun Tag, puoi essere il primo ad aggiungerne!!
|
MARC
| LEADER | 00000nam a22000003a 4500 | ||
|---|---|---|---|
| 001 | stu11811 | ||
| 005 | 20150617225759.4 | ||
| 008 | 951001s1987----cs------------------cze-d | ||
| 040 | |a STU |b slo | ||
| 041 | 0 | |a cze | |
| 044 | |a cs | ||
| 100 | 1 | |a Riedl, Dušan |4 aut | |
| 245 | 1 | |a Rekonstrukce historických jader měst | |
| 250 | |a 1. vyd. | ||
| 260 | |a Brno : |b ES VUT, |c 1987 | ||
| 300 | |a 78 s | ||
| 996 | |b 284AS02380 |c A*1377 S |l AAKNST |s P |a 0 |w stu11811_0001 | ||
| 996 | |b 284AS00986 |c A*1378 S |l AAKNAR |s A |a 24 |w stu11811_0002 | ||
| 996 | |b 284AS00987 |c A*1379 S |l AAKNAR |s A |a 24 |w stu11811_0003 | ||
| 996 | |b 284AS00988 |c A*1380 S |l AAKNAR |s A |a 24 |w stu11811_0004 | ||
| 996 | |b 284AS00989 |c A*1381 S |l AAKNAR |s A |a 24 |w stu11811_0005 | ||